000 00595pab a2200181 454500
008 180718b2017 xxu||||| |||| 00| 0 eng d
100 _aSkelcher, Chris
245 _aAn enterprising municipality?: municipalisation, corporatisation and the political economy of Birmingham city council in the nineteenth and twenty-first centuries
260 _c2017
300 _ap.927-945.
362 _aDec
650 _aCorporatisation
650 _aBirmingham city council
650 _aLocal government - UK
650 _aLocal government
773 _aLocal Government Studies
909 _a116896
999 _c116890
_d116890